Právne, účtovné a daňové aspekty zákazkovej výroby u zhotoviteľa

Pokračovanie príspevku z predchádzajúceho čísla. Aspekty vykazovania výnosov zo zákazkovej výroby podľa opatrenia MF SR o postupoch účtovania.

Na minha lista:
Detalhes bibliográficos
Autor principal: Mateášová, Martina, 1979-
Outros Autores: Gedeon, Milan, 1993-
Formato: Capítulo de Livro
Idioma:eslovaco
Assuntos:
Tags: Adicionar Tag
Sem tags, seja o primeiro a adicionar uma tag!

MARC

LEADER 00000naa a2200000 4500
001 0236178
005 20240502073823.7
041 0 |a slo 
044 |a SK 
245 1 0 |a Právne, účtovné a daňové aspekty zákazkovej výroby u zhotoviteľa  |c Martina Mateášová, Milan Gedeon 
520 |a Pokračovanie príspevku z predchádzajúceho čísla. Aspekty vykazovania výnosov zo zákazkovej výroby podľa opatrenia MF SR o postupoch účtovania. 
610 2 0 |a výroba zákazková 
610 2 0 |a postupy účtovné 
610 2 0 |a výkazy účtovné 
610 2 0 |a výnosy 
610 2 0 |a kalkulácia nákladov 
100 1 |a Mateášová, Martina, 1979- 
700 1 |a Gedeon, Milan, 1993-